000 nam a22 7a 4500
999 _c7833
_d7833
008 171027b xxu||||| |||| 00| 0 eng d
020 _a9788123918617
100 _aKapoor Raj
_94307
245 _aPractical Physiology
260 _aNew Delhi
_bCBS Publishers
_c2010